| 000 | 01217cam a22003011i 4500 | ||
|---|---|---|---|
| 003 | SA-RiAUC | ||
| 005 | 20250530153421.0 | ||
| 008 | 250528s1987 ua g b 00000 ara c | ||
| 020 | _a9771431048 | ||
| 040 |
_aSA-RiAUC _bara _cSA-RiAUC _erda |
||
| 082 | 0 | 4 |
_a251.222 _qSA-RiAUC |
| 090 |
_a251.222 _b ز ي د |
||
| 100 | 1 |
_aزيدان، صلاح _eمؤلف. |
|
| 245 | 1 | 2 |
_aالحكم الشرعي التكليفي / _cصلاح زيدان. |
| 250 | _aالطبعة الأولى. | ||
| 264 | 1 |
_aالقاهرة : _bدار الصحوة للنشر، _c1987 |
|
| 264 | 3 |
_aحدائق حلوان [مصر] : _a[مكان الطبع غير محدد] : _bمطبعة عبير للكتاب والأعمال التجارية ؛ _bمطبعة المدينة |
|
| 300 |
_a174 صفحة ؛ _c24 سم |
||
| 336 |
_aنص _btxt _2rdacontent _3كتاب |
||
| 337 |
_aبدون وسيط _bn _2rdamedia |
||
| 338 |
_aمجلد _bnc _2rdacarrier |
||
| 504 | _aببليوجرافية : صفحة 171-174. | ||
| 650 | 7 |
_aالأحكام الشرعية _2aucsh |
|
| 650 | 7 |
_aالحلال والحرام _2aucsh |
|
| 650 | 7 |
_aأصول الفقه الإسلامي _2aucsh |
|
| 942 |
_2ddc _cBOOK _n0 |
||
| 949 |
_aSA-JeALM _d250528 _umohamedma123 _n1 |
||
| 999 |
_c8533 _d8533 |
||